000 00496nam a2200181Ia 4500
008 240925s9999 xx 000 0 und d
020 _a71207031
082 _a621.3815 FRA
100 _aFranco, Sergio
245 0 _aDesign with Operational Amplifiers and Analog Integrated Circuits
250 _aNA
260 _aToronto:
_bMc Graw-Hill
_c,2002.
300 _axii,265p.
_bNA
_fPhotocopy
500 _aIncludes Index
600 _aEngineering Technology
650 _aTechnology
942 _cBK
999 _c6980
_d6980